Annual development review. (Record no. 15155)

000 -LEADER
fixed length control field 00556cas a2200181 a 4500
040 ## - CATALOGING SOURCE
Transcribing agency WAU
082 ## - DEWEY DECIMAL CLASSIFICATION NUMBER
Classification number 338 CAM 2005 A073 Or.
245 00 - TITLE STATEMENT
Title Annual development review.
246 13 - VARYING FORM OF TITLE
Title proper/short title ADR
260 ## - PUBLICATION, DISTRIBUTION, ETC. (IMPRINT)
Place of publication Phnom Penh :
Name of publisher Cambodia Development Resource Institute,
Year of publication 2005-
300 ## - PHYSICAL DESCRIPTION
Number of Pages v. :
Other physical details ill. ;
Dimensions 26 cm.
500 ## - GENERAL NOTE
General note Title from cover.
650 #0 - SUBJECT ADDED ENTRY--TOPICAL TERM
Topical Term Industrialization
650 #7 - SUBJECT ADDED ENTRY--TOPICAL TERM
Topical Term Economic history.
650 #7 - SUBJECT ADDED ENTRY--TOPICAL TERM
Topical Term Industrialization.
710 2# - ADDED ENTRY--CORPORATE NAME
Corporate name or jurisdiction name as entry element Vidyāsthān Paṇṭuḥ Paṇṭāl niṅ Srāvjrāv ṭoempī Qabhivaḍḍhn ̊Kambujā.
942 ## - ADDED ENTRY ELEMENTS (KOHA)
Koha item type សៀវភៅភាសាអង់គ្លេស
952 ## - LOCATION AND ITEM INFORMATION (KOHA)
Withdrawn status [LOCAL, KOHA] 0
952 ## - LOCATION AND ITEM INFORMATION (KOHA)
Withdrawn status [LOCAL, KOHA] 0
Holdings
Permanent Location Date acquired Koha item type Lost status Shelving location Barcode Current Location Full call number
Library Block A2017-11-11សៀវភៅភាសាអង់គ្លេស A073A06967Library Block A338 CAM 2005 A073 Or.
Library Block A2018-12-12សៀវភៅភាសាអង់គ្លេស A117A40715Library Block A338 CAM 2005 A117 Or.
មជ្ឈមណ្ឌលឯការនៃសាកលវិទ្យាល័យភូមិន្ទកសិកម្មចំការដូង

Powered by Koha